Realizácia stratégie informatizácie Európskej spoločnosti so zameraním na prepojenie orgánov Európskej únie s verejnou správou, podnikateľmi a občanmi diplomová práca

Saved in:
Bibliographic Details
Main Author: Perťuláková, Katarína
Corporate Author: Obchodná fakulta EU. Katedra medzinárodného obchodu
Other Authors: Rosenberg, Miloslav
Format: Book
Language:Slovak
Published: Bratislava 2008
Tags: Add Tag
No Tags, Be the first to tag this record!

MARC

LEADER 00000nam$a2200000$$$4500
001 0085854
005 20240201120223.1
041 0 |a slo 
044 |a SK 
245 1 0 |a Realizácia stratégie informatizácie Európskej spoločnosti so zameraním na prepojenie orgánov Európskej únie s verejnou správou, podnikateľmi a občanmi  |b diplomová práca  |c Katarína Perťuláková ; škol. Miloslav Rosenberg 
264 1 |a Bratislava  |c 2008 
300 |a 126 s. 
100 1 |a Perťuláková, Katarína 
700 1 |a Rosenberg, Miloslav 
710 2 |a Obchodná fakulta EU. Katedra medzinárodného obchodu